[Event "37th ECC Women 2022"]
[Site "Mayrhofen AUT"]
[Date "2022.10.09"]
[Round "7.6"]
[Board "3"]
[White "Reprun, Nadejda"]
[Black "Navrotescu, Andreea"]
[Result "0-1"]
[BlackTitle "WGM"]
[WhiteElo "1968"]
[BlackElo "2287"]
[WhiteTeam "Rishon Lezion Chess Club"]
[BlackTeam "Philidor Mulhouse"]
[WhiteFideId "2806843"]
[BlackFideId "675946"]
[EventDate "2022.10.03"]

1. e4 c5 2. Nf3 d6 3. d4 cxd4 4. Nxd4 Nf6 5. Nc3 Nc6 6. Bg5 e6 7. Qd2 a6 8.
O-O-O Bd7 9. f4 Be7 10. Nf3 b5 11. Bxf6 gxf6 12. f5 Qb6 13. g3 O-O-O 14. Bh3 Kb8
15. Rhe1 b4 16. Ne2 e5 17. Kb1 Bc8 18. Nc1 Bb7 19. Bf1 Na5 20. Qe3 Qxe3 21. Rxe3
d5 22. exd5 Bxd5 23. Rxd5 Rxd5 24. Bxa6 Rd1 25. b3 Bc5 26. Re4 Nc6 27. Re1 Rhd8
28. Bd3 Rxe1 29. Nxe1 e4 30. Bxe4 Re8 31. Ned3 Rxe4 32. Nxc5 Re1 33. Nd7+ Kb7
34. Nxf6 Nd4 35. Kb2 Rh1 36. Nd3 Rxh2 37. Nxb4 Nxf5 38. a4 Nxg3 39. a5 Nf5 40.
a6+ Ka7 41. Ka3 Nd6 42. Nfd5 f5 43. c4 Rh6 44. Nc7 Nc8 45. Ka4 f4 46. c5 f3 47.
Ncd5 f2 48. Ne3 Re6 49. Nf1 Re1 0-1

[Event "37th ECC Women 2022"]
[Site "Mayrhofen AUT"]
[Date "2022.10.09"]
[Round "7.7"]
[Board "1"]
[White "Peglau, Charis"]
[Black "Krasteva, Beloslava"]
[Result "0-1"]
[BlackTitle "FM"]
[WhiteElo "1960"]
[BlackElo "2287"]
[WhiteTeam "Schachzentrum Seeblick e.V."]
[BlackTeam "Gambit Asseco See"]
[WhiteFideId "16219996"]
[BlackFideId "2922029"]
[EventDate "2022.10.03"]

1. Nf3 c5 2. c4 Nc6 3. e3 e5 4. Nc3 d6 5. Be2 f5 6. d3 g6 7. O-O Bg7 8. Ne1 Nge7
9. a3 O-O 10. Rb1 Be6 11. b4 cxb4 12. axb4 d5 13. b5 Na5 14. cxd5 Nxd5 15. Nxd5
Bxd5 16. Bd2 b6 17. Bxa5 bxa5 18. Qa4 Re8 19. Ra1 a6 20. bxa6 Rxa6 21. e4 Bf7
22. Nc2 Ra8 23. Ne3 Qg5 24. Rfb1 Red8 25. Rb7 Qf6 26. Qb5 Be8 27. Qc4+ Kh8 28.
Rc1 Rab8 29. Rxb8 Rxb8 30. Qc5 a4 31. Nd5 Qf8 32. Qa7 Bb5 33. f3 a3 34. Nc7 Bd7
35. Na6 Rc8 36. Rd1 Qd6 37. Qb7 a2 38. Qd5 Qxd5 39. exd5 Ra8 40. d4 exd4 41. Bd3
Rxa6 42. Bxa6 d3 43. Bxd3 a1=Q 44. Rxa1 Bxa1 45. Kf2 Kg7 46. f4 Kf6 47. h3 Ke7
48. Bc4 Kd6 49. Kg3 Ba4 50. Kf2 Bd4+ 51. Kf3 Bd1+ 52. Kg3 Bc2 53. h4 Be4 54. Kh3
Bxd5 55. Bd3 Be3 56. g3 Bf3 57. Bc4 Kc5 58. Bg8 h6 59. Bf7 Bh5 60. Kg2 Kd4 61.
Be8 Kc3 62. Bf7 Kd2 63. Be8 Bc5 64. Bf7 Ke3 65. Bd5 Bd6 66. Bf7 Bxf4 67. gxf4
Kxf4 68. Kh3 Bg4+ 69. Kg2 Bf3+ 70. Kh2 g5 71. hxg5 hxg5 72. Be6 g4 73. Bd7 Be4
74. Be8 Kf3 75. Kg1 f4 76. Kf1 Kg3 77. Bb5 Bg2+ 78. Ke2 f3+ 79. Ke1 f2+ 0-1

[Event "37th ECC Women 2022"]
[Site "Mayrhofen AUT"]
[Date "2022.10.09"]
[Round "7.7"]
[Board "2"]
[White "Radeva, Viktoria"]
[Black "Peglau, Dora"]
[Result "1-0"]
[WhiteTitle "WGM"]
[WhiteElo "2263"]
[BlackElo "1745"]
[WhiteTeam "Gambit Asseco See"]
[BlackTeam "Schachzentrum Seeblick e.V."]
[WhiteFideId "2915405"]
[BlackFideId "16220005"]
[EventDate "2022.10.03"]

1. e4 c6 2. d4 d5 3. e5 Bf5 4. h4 h6 5. g4 Be4 6. f3 Bh7 7. e6 Nf6 8. Nc3 fxe6
9. Be3 Qd6 10. Qd2 e5 11. dxe5 Qxe5 12. O-O-O Qc7 13. Bf4 Qa5 14. Bh3 Nfd7 15.
g5 Na6 16. a3 O-O-O 17. Qd4 Qb6 18. Qxb6 axb6 19. Na4 e6 20. Bxe6 Bc5 21. b4 Bf2
22. Nh3 b5 23. Nxf2 bxa4 24. gxh6 gxh6 25. c4 dxc4 26. Rd6 Nc7 27. Bh3 Rhf8 28.
Bxh6 Rxf3 29. Bg5 Nb5 30. Rh6 Rc3+ 31. Kd1 Bc2+ 32. Kd2 Rf8 33. Rf6 Rxf6 34.
Bxf6 Rf3 35. Bxd7+ Kxd7 36. Ng4 Rg3 37. Kxc2 Rxg4 38. h5 Rg2+ 39. Kc1 Rf2 40.
Bg7 c3 41. h6 Ra2 42. Kb1 Rd2 43. h7 Nxa3+ 44. Ka1 Nc2+ 45. Ka2 Ne1+ 46. Ka3 c2
47. Rxe1 Rd1 48. Bh6 Rxe1 49. h8=Q c1=Q+ 50. Bxc1 Rxc1 51. Qg7+ Kc8 52. Qg4+ 1-0

[Event "37th ECC Women 2022"]
[Site "Mayrhofen AUT"]
[Date "2022.10.09"]
[Round "7.7"]
[Board "3"]
[White "Peglau, Mirjam"]
[Black "Drljevic, Ljilja"]
[Result "0-1"]
[BlackTitle "WIM"]
[WhiteElo "1886"]
[BlackElo "2172"]
[WhiteTeam "Schachzentrum Seeblick e.V."]
[BlackTeam "Gambit Asseco See"]
[WhiteFideId "16211138"]
[BlackFideId "928879"]
[EventDate "2022.10.03"]

1. e4 g6 2. d4 Bg7 3. Be3 a6 4. c4 d6 5. Nc3 Nd7 6. Rc1 Ngf6 7. f3 c6 8. Qd2 h5
9. Nh3 h4 10. Be2 b5 11. b3 Qa5 12. O-O b4 13. Nd1 c5 14. Nhf2 Qc7 15. Nb2 Nb6
16. Rfd1 Bb7 17. Qc2 Nfd7 18. d5 a5 19. f4 a4 20. Nbd3 Bc8 21. f5 gxf5 22. exf5
Nf6 23. Nf4 Nbd7 24. Ne4 axb3 25. axb3 Nxe4 26. Qxe4 Ra3 27. Rb1 Ra2 28. Rd2 Nf6
29. Qd3 Rxd2 30. Bxd2 Nd7 31. Rf1 Bd4+ 32. Kh1 Ne5 33. Qe4 Qa7 34. Nd3 Qa2 35.
Nxe5 dxe5 36. Rd1 f6 37. Qf3 Bd7 38. Qg4 Kd8 39. Qg7 Re8 40. d6 exd6 41. Qxf6+
Kc7 42. Qxh4 Bxf5 43. Qg5 Bd7 44. Qg3 e4 45. Bh5 Re5 46. Bg5 Qf2 47. Qxf2 Bxf2
48. h4 Bxh4 49. Bxh4 Rxh5 50. g3 Bg4 51. Re1 d5 52. cxd5 Rxd5 53. Kg1 Bf3 54.
Re3 Rd2 55. Kf1 Kc6 56. Ke1 Rg2 57. Kf1 Kd5 58. Bf6 Rxg3 59. Bh8 Rg2 60. Bf6 Rh2
61. Bg7 c4 62. bxc4+ Kxc4 63. Bf6 Rc2 64. Re1 b3 65. Rb1 Rh2 66. Rc1+ Kb4 67.
Rc8 e3 0-1

[Event "37th ECC Women 2022"]
[Site "Mayrhofen AUT"]
[Date "2022.10.09"]
[Round "7.8"]
[Board "1"]
[White "Ptacnikova, Lenka"]
[Black "Mayrhuber, Nikola"]
[Result "1-0"]
[WhiteTitle "WGM"]
[BlackTitle "WFM"]
[WhiteElo "2055"]
[BlackElo "2117"]
[WhiteTeam "Garðabaer Chessclub"]
[BlackTeam "SK Zell/Zillertal"]
[WhiteFideId "305650"]
[BlackFideId "1637819"]
[EventDate "2022.10.03"]

1. d4 Nf6 2. Nc3 d5 3. Bf4 e6 4. e3 Bd6 5. Nf3 O-O 6. Bd3 b6 7. Bxd6 Qxd6 8. e4
Qb4 9. a3 Qe7 10. O-O Ba6 11. Bxa6 Nxa6 12. Qe2 dxe4 13. Nxe4 Nxe4 14. Qxe4 c5
15. Rad1 cxd4 16. Nxd4 Nc5 17. Qf3 Qg5 18. Nc6 a5 19. Rfe1 a4 20. Rd4 Rae8 21.
Rb4 Qd2 22. Qd1 Qd7 23. Qxd7 Nxd7 24. Rd1 Nb8 25. Nxb8 Rxb8 26. Rxa4 Rfc8 27. c3
Rb7 28. Rad4 Kf8 29. Kf1 Ke7 30. Ke2 Rc5 31. a4 e5 32. Rb4 f5 33. f3 h5 34. h4
g6 35. Ke3 Rb8 36. g4 hxg4 37. fxg4 Ke6 38. Kf3 Rcc8 39. Rb5 fxg4+ 40. Kxg4 Rc4+
41. Kg5 Rxa4 42. Re1 Kf7 43. Rbxe5 Ra5 44. b4 Rxe5+ 45. Rxe5 Rh8 46. Kg4 Rc8 47.
Re3 Kf6 48. Rf3+ Ke5 49. Kg5 Rc4 50. Re3+ Kd5 51. Rg3 b5 52. Rg4 Rc6 53. Kh6
Rxc3 54. Kxg6 Rc6+ 55. Kg5 Rc8 56. h5 Rg8+ 57. Kh4 Rh8 58. Rf4 Ke5 59. Rf1 Kd4
60. Rc1 Ke3 61. Rc5 Kd4 62. Rxb5 Kc4 63. Rb7 Kd5 64. Rb6 Kc4 65. h6 Rh7 66. Kg5
Rh8 67. Kg6 Rg8+ 68. Kf7 Ra8 69. Rb7 Ra1 70. h7 Rh1 71. Kg8 Rg1+ 72. Rg7 1-0

[Event "37th ECC Women 2022"]
[Site "Mayrhofen AUT"]
[Date "2022.10.09"]
[Round "7.8"]
[Board "2"]
[White "Schloffer, Jasmin-Denise"]
[Black "Johannsdottir, Johanna Bjorg"]
[Result "0-1"]
[WhiteTitle "WFM"]
[WhiteElo "2086"]
[BlackElo "1964"]
[WhiteTeam "SK Zell/Zillertal"]
[BlackTeam "Garðabaer Chessclub"]
[WhiteFideId "1631209"]
[BlackFideId "2303108"]
[EventDate "2022.10.03"]

1. d4 Nf6 2. c4 e6 3. Nc3 Bb4 4. e3 O-O 5. Ne2 Re8 6. a3 Bf8 7. d5 exd5 8. cxd5
a5 9. Ng3 Na6 10. Be2 Nc5 11. b3 g6 12. Bb2 Bg7 13. Qc2 d6 14. O-O h5 15. b4 h4
16. bxc5 hxg3 17. hxg3 dxc5 18. Bf3 Bf5 19. Qe2 Qd7 20. Rfe1 Rad8 21. Rad1 b6
22. e4 Bg4 23. e5 Qf5 24. Qc4 Bxf3 25. gxf3 Rxe5 26. Ne4 Ree8 27. g4 Qxf3 28.
Rd3 Qxg4+ 29. Rg3 Rxe4 30. Rxg4 Rxg4+ 0-1

[Event "37th ECC Women 2022"]
[Site "Mayrhofen AUT"]
[Date "2022.10.09"]
[Round "7.8"]
[Board "3"]
[White "Thorsteinsdottir, Hallgerdur"]
[Black "Schnegg, Anna-Lena"]
[Result "1-0"]
[WhiteTitle "WFM"]
[BlackTitle "WFM"]
[WhiteElo "1959"]
[BlackElo "2154"]
[WhiteTeam "Garðabaer Chessclub"]
[BlackTeam "SK Zell/Zillertal"]
[WhiteFideId "2302454"]
[BlackFideId "1625268"]
[EventDate "2022.10.03"]

1. e4 e5 2. Nf3 d6 3. d4 exd4 4. Nxd4 Nf6 5. Nc3 Be7 6. Bf4 O-O 7. Qd2 Nc6 8.
O-O-O Nxd4 9. Qxd4 Be6 10. Bc4 Nd7 11. Nd5 Nb6 12. Nxe7+ Qxe7 13. Be2 a5 14. a3
Rfd8 15. h4 d5 16. h5 c5 17. Qe3 Rac8 18. h6 g6 19. Qc3 d4 20. Qxa5 Rc6 21. Bb5
Nc4 22. Qa4 Nb6 23. Qa5 Nc4 24. Bxc4 Bxc4 25. f3 Ra6 26. Qd2 b5 27. c3 Bb3 28.
Kb1 Bxd1 29. Rxd1 d3 30. e5 Rd5 31. Qe3 c4 32. Qe4 Qe6 33. Bg3 Ra8 34. f4 Rad8
35. Bh4 Qg4 36. Qe1 d2 1-0

[Event "37th ECC Women 2022"]
[Site "Mayrhofen AUT"]
[Date "2022.10.09"]
[Round "7.8"]
[Board "4"]
[White "Konecny, Sophie"]
[Black "Thorsteinsdottir, Gudlaug"]
[Result "1/2-1/2"]
[BlackTitle "WFM"]
[WhiteElo "1848"]
[BlackElo "2014"]
[WhiteTeam "SK Zell/Zillertal"]
[BlackTeam "Garðabaer Chessclub"]
[WhiteFideId "1639579"]
[BlackFideId "2300753"]
[EventDate "2022.10.03"]

1. d4 d5 2. Nc3 Nf6 3. Bf4 c6 4. e3 Bf5 5. f3 e6 6. g4 Bg6 7. h4 h6 8. Bd3 Bxd3
9. Qxd3 Bd6 10. Nge2 Na6 11. a3 Qe7 12. Bxd6 Qxd6 13. O-O-O O-O-O 14. g5 Nd7 15.
e4 Nb6 16. Kb1 Nc4 17. Na2 b5 18. f4 Rd7 19. e5 Qe7 20. Ng1 Rb7 21. Nf3 b4 22.
a4 c5 23. Ka1 Rb6 24. b3 Na5 25. Nd2 Kb8 26. Rc1 Rc8 27. Nf3 c4 28. Qe3 Rbc6 29.
Kb2 Qc7 30. Qe2 Qb6 31. Rhd1 cxb3 32. cxb3 Rc3 33. Nxc3 bxc3+ 34. Rxc3 Rxc3 35.
Kxc3 Qxb3+ 36. Kd2 Nc4+ 37. Ke1 Nb4 38. Kf2 a5 39. gxh6 gxh6 40. h5 Qxa4 41. Nd2
Nb2 42. Rb1 Qa2 43. Qb5+ Ka7 44. Qd7+ Ka6 45. Qd6+ Kb5 46. Qd7+ Kb6 47. Qxf7 Nc4
48. Qxe6+ Ka7 49. Qe7+ Ka6 50. Qe6+ Ka7 51. Qf7+ Ka6 52. Qg6+ Ka7 53. Qg7+ Ka8
54. Qxh6 1/2-1/2